[Event "Francophonie-ch 7th"]
[Site "Paris"]
[Date "2019.08.05"]
[Round "2"]
[White "Morice, Ludovic"]
[Black "Piscopo, Pierluigi"]
[Result "1/2-1/2"]
[WhiteElo "2069"]
[BlackElo "2403"]
[PlyCount "68"]
[EventDate "2019.08.04"]
[EventType "swiss"]
[EventRounds "9"]
[EventCountry "FRA"]
[SourceTitle "CBM 191 Extra"]
[Source "ChessBase"]
[SourceDate "2019.09.30"]
[SourceVersion "1"]
[SourceVersionDate "2019.09.30"]
[SourceQuality "1"]

1. e4 c5 2. Nf3 e6 3. c3 Nf6 4. e5 Nd5 5. g3 Nc6 6. Bg2 d6 7. exd6 Bxd6 8. 0-0 0-0 9. d4 cxd4 10. Nxd4 Nxd4 11. Qxd4 Qc7 12. c4 Nf6 13. Nc3 Be5 14. Bf4 Bxf4 15. Qxf4 e5 16. Qh4 Be6 17. b3 Rad8 18. Ne4 Nxe4 19. Qxe4 Bc8 20. Rfe1 Rfe8 21. Rad1 h6 22. h4 Rxd1 23. Rxd1 Qa5 24. Qc2 Bg4 25. Rd5 Qe1+ 26. Kh2 e4 27. Qd2 Qxd2 28. Rxd2 Re7 29. Rd8+ Kh7 30. Bh3 h5 31. Bxg4 hxg4 32. Kg2 Kg6 33. Kf1 e3 34. Rd4 f5 1/2-1/2

[Event "Pardubice Czech op-A 29th"]
[Site "Pardubice"]
[Date "2018.07.27"]
[Round "8"]
[White "Henderson de la Fuente, Lance"]
[Black "Piscopo, Pierluigi"]
[Result "0-1"]
[WhiteElo "2463"]
[BlackElo "2389"]
[PlyCount "122"]
[EventDate "2018.07.20"]
[EventType "swiss"]
[EventRounds "9"]
[EventCountry "CZE"]
[SourceTitle "CBM 185 Extra"]
[Source "ChessBase"]
[SourceDate "2018.07.29"]
[SourceVersion "1"]
[SourceVersionDate "2018.07.29"]
[SourceQuality "1"]

1. d4 Nf6 2. c4 g6 3. Nc3 Bg7 4. e4 0-0 5. h3 d6 6. Be3 Na6 7. Nf3 c5 8. g3 Qa5 9. Qd2 cxd4 10. Nxd4 Nc5 11. Bg2 Be6 12. Nxe6 Nxe6 13. Nd5 Qxd2+ 14. Kxd2 Nxd5 15. exd5 Nc5 16. Rab1 Rfc8 17. Rhc1 a5 18. b3 Ra6 19. f3 Rb6 20. Bf1 Ra8 21. Kc2 Rba6 22. Be2 b6 23. g4 R6a7 24. h4 Re8 25. Re1 Rc7 26. Kd2 Nd7 27. Rec1 e6 28. dxe6 Rxe6 29. Bf1 Nc5 30. Re1 Rd7 31. g5 d5 32. Bh3 dxc4+ 33. Ke2 Rxe3+ 34. Kxe3 Rd3+ 35. Ke2 Bd4 36. bxc4 Re3+ 37. Kf1 Rxf3+ 38. Kg2 Rf2+ 39. Kh1 Rf4 40. Re8+ Kg7 41. Rxb6 Rxh4 42. Rbb8 h6 43. gxh6+ Kxh6 44. Kg2 Kg5 45. Rbd8 f5 46. Rd5 Nd3 47. Kf1 Nb4 48. Rd7 Nxa2 49. Bg2 Nc3 50. Re6 Bc5 51. Rg7 Rxc4 52. Rexg6+ Kf4 53. Bh3 Nd5 54. Rf7 Rc1+ 55. Ke2 Rc2+ 56. Kf1 Ne3+ 57. Kg1 Ng4+ 58. Kf1 Rf2+ 59. Ke1 Bb4+ 60. Kd1 Ne3+ 61. Kc1 Ba3+ 0-1

[Event "Pardubice Czech op-A 29th"]
[Site "Pardubice"]
[Date "2018.07.20"]
[Round "1"]
[White "Piscopo, Pierluigi"]
[Black "Klecker, Tadeas"]
[Result "1-0"]
[WhiteElo "2389"]
[BlackElo "2138"]
[PlyCount "69"]
[EventDate "2018.07.20"]
[EventType "swiss"]
[EventRounds "9"]
[EventCountry "CZE"]
[SourceTitle "CBM 185 Extra"]
[Source "ChessBase"]
[SourceDate "2018.07.29"]
[SourceVersion "1"]
[SourceVersionDate "2018.07.29"]
[SourceQuality "1"]

1. e4 e5 2. Nf3 Nc6 3. Bc4 Bc5 4. c3 Nf6 5. d4 exd4 6. cxd4 Bb4+ 7. Bd2 Bxd2+ 8. Nbxd2 Nxe4 9. Nxe4 d5 10. Bd3 dxe4 11. Bxe4 Ne7 12. 0-0 0-0 13. Re1 c6 14. Qb3 g6 15. Rac1 Qd6 16. Qe3 Bf5 17. Bc2 Rae8 18. Bb3 Bd7 19. Ng5 Kg7 20. Ne4 Qb4 21. a3 Qa5 22. Rc5 Qb6 23. Qc3 Nc8 24. Re5 f6 25. Nxf6 Rd8 26. Ne4 Bf5 27. Nc5 h5 28. h3 Rd6 29. Bc2 Bxc2 30. Qxc2 Kh7 31. Rxh5+ Kg8 32. Rhe5 a5 33. Re6 Rf6 34. Rxf6 Qxc5 35. Qxg6+ 1-0

[Event "Pardubice op rapid 29th"]
[Site "Pardubice"]
[Date "2018.07.19"]
[Round "4"]
[White "Piscopo, Pierluigi"]
[Black "Kukelko, Alexey"]
[Result "1-0"]
[WhiteElo "2389"]
[BlackElo "2196"]
[PlyCount "55"]
[EventDate "2018.07.18"]
[EventType "swiss (rapid)"]
[EventRounds "9"]
[EventCountry "CZE"]
[SourceTitle "CBM 185 Extra"]
[Source "ChessBase"]
[SourceDate "2018.07.29"]
[SourceVersion "1"]
[SourceVersionDate "2018.07.29"]
[SourceQuality "1"]

1. e4 c5 2. Nf3 d6 3. Nc3 Nf6 4. e5 dxe5 5. Nxe5 Nbd7 6. d4 e6 7. Be3 cxd4 8. Bxd4 Be7 9. Bd3 0-0 10. 0-0 Nc5 11. Be2 a6 12. Qd2 Qc7 13. Qe3 b5 14. b4 Ncd7 15. a4 bxa4 16. Rxa4 Bb7 17. Rfa1 Rfc8 18. h3 Nxe5 19. Bxe5 Bd6 20. Bxd6 Qxd6 21. Bf3 Bxf3 22. Qxf3 Qd4 23. R1a3 Qb6 24. b5 a5 25. Rc4 h6 26. Raa4 Rab8 27. Qe3 Nd5 28. Nxd5 1-0

[Event "Pardubice op rapid 29th"]
[Site "Pardubice"]
[Date "2018.07.18"]
[Round "2"]
[White "Piscopo, Pierluigi"]
[Black "Jun, Rudolf Jr"]
[Result "1-0"]
[WhiteElo "2389"]
[BlackElo "1931"]
[PlyCount "123"]
[EventDate "2018.07.18"]
[EventType "swiss (rapid)"]
[EventRounds "9"]
[EventCountry "CZE"]
[SourceTitle "CBM 185 Extra"]
[Source "ChessBase"]
[SourceDate "2018.07.29"]
[SourceVersion "1"]
[SourceVersionDate "2018.07.29"]
[SourceQuality "1"]

1. Nf3 Nf6 2. g3 g6 3. Bg2 Bg7 4. 0-0 d6 5. d4 0-0 6. a4 Nh5 7. a5 e5 8. dxe5 dxe5 9. Qxd8 Rxd8 10. Bg5 f6 11. Be3 Nc6 12. a6 e4 13. axb7 Bxb7 14. Nfd2 f5 15. c3 Nf6 16. Nc4 Ng4 17. Bf4 Nge5 18. Nbd2 h6 19. Rfd1 g5 20. Nxe5 Bxe5 21. Be3 Bg7 22. Nb3 Bf8 23. Nc5 Bxc5 24. Bxc5 a6 25. g4 fxg4 26. Bxe4 Na5 27. Bf5 Kf7 28. Bc2 Nc6 29. b4 Rxd1+ 30. Rxd1 Rd8 31. Bb3+ Kf6 32. Rxd8 Nxd8 33. Bd4+ Kf5 34. Bc4 h5 35. Bd3+ Ke6 36. Bg6 h4 37. e4 Nc6 38. Bf5+ Ke7 39. Bh8 a5 40. bxa5 Nxa5 41. e5 Nc4 42. Bf6+ Kf7 43. Bxg4 Bd5 44. f3 Kg6 45. Kf2 c6 46. Ke2 c5 47. Bd7 Nb6 48. Bh3 Nc4 49. Bg4 Nb6 50. Bd8 Nc4 51. Bc7 Kf7 52. Kd3 Nb2+ 53. Ke2 Bc4+ 54. Kd2 Bd5 55. Bd6 Nc4+ 56. Kd3 Nxd6 57. exd6 Kf6 58. Ke3 Bc6 59. f4 gxf4+ 60. Kxf4 Bd5 61. Bc8 Bg2 62. Kg4 1-0